[Event "ROM-ch U18"]
[Site "Calimanesti"]
[Date "2013.04.08"]
[Round "9"]
[White "Dicu, Razvan Stefan"]
[Black "Negru, Alecsandru George"]
[Result "1-0"]
[WhiteElo "2241"]
[BlackElo "1715"]
[PlyCount "137"]
[EventDate "2013.04.02"]
[EventType "swiss"]
[EventRounds "9"]
[EventCountry "ROU"]
[SourceTitle "CBM 153 Extra"]
[Source "ChessBase"]
[SourceDate "2013.04.22"]
[SourceVersion "1"]
[SourceVersionDate "2013.04.22"]
[SourceQuality "1"]

1. e4 c5 2. c3 g6 3. d4 cxd4 4. cxd4 d5 5. exd5 Nf6 6. Nc3 Nxd5 7. Bc4 Nb6 8. Bb3 Bg7 9. Nf3 Nc6 10. Be3 0-0 11. h3 Na5 12. Bc2 Nac4 13. b3 Nxe3 14. fxe3 Qc7 15. Qd2 Qg3+ 16. Qf2 Qxf2+ 17. Kxf2 Bxh3 18. Rxh3 Rfc8 19. Bxg6 hxg6 20. Ne2 Nd5 21. Rhh1 Nc3 22. Nxc3 Rxc3 23. Rac1 Rac8 24. Rxc3 Rxc3 25. Re1 f6 26. Re2 Kf7 27. Nd2 f5 28. Nb1 Rc1 29. Re1 Rc8 30. Na3 Ke6 31. Ke2 Kd5 32. Rh1 Bf6 33. Kd3 b6 34. Rh6 g5 35. g4 Ke6 36. gxf5+ Kxf5 37. e4+ Kf4 38. e5 Bh8 39. Rh7 g4 40. Nc4 g3 41. Ne3 Re8 42. Ke2 Kg5 43. Rh3 Kg6 44. Rxg3+ Kf7 45. Rf3+ Ke6 46. Rh3 Bg7 47. Rh7 Rg8 48. Kd3 Bf8 49. Ke4 a6 50. d5+ Kd7 51. Nc4 b5 52. e6+ Kc7 53. d6+ Kc6 54. d7 Kc7 55. Ne5 Bg7 56. Nf7 Bf6 57. Rh2 Bc3 58. Rc2 b4 59. Rxc3+ bxc3 60. Kd3 Rg3+ 61. Kc2 Rg8 62. Kxc3 Rb8 63. Kc4 a5 64. a4 Rg8 65. d8Q+ Rxd8 66. Nxd8 Kxd8 67. Kb5 Kc7 68. Kxa5 Kd6 69. Kb6 1-0

[Event "ROM-ch U18"]
[Site "Calimanesti"]
[Date "2013.04.06"]
[Round "7"]
[White "Negru, Alecsandru George"]
[Black "Lupascu, Matei Alexandru"]
[Result "1-0"]
[WhiteElo "1715"]
[BlackElo "2058"]
[PlyCount "70"]
[EventDate "2013.04.02"]
[EventType "swiss"]
[EventRounds "9"]
[EventCountry "ROU"]
[SourceTitle "CBM 153 Extra"]
[Source "ChessBase"]
[SourceDate "2013.04.22"]
[SourceVersion "1"]
[SourceVersionDate "2013.04.22"]
[SourceQuality "1"]

1. e4 c5 2. Nc3 e6 3. f4 Nc6 4. Nf3 d6 5. Bb5 Nge7 6. d3 g6 7. 0-0 Bg7 8. e5 d5 9. Bxc6+ bxc6 10. Na4 Qa5 11. c4 0-0 12. Bd2 Qc7 13. Qc2 Rb8 14. Nxc5 Qb6 15. b4 Rd8 16. Kh1 h5 17. Rab1 Nf5 18. Nb3 dxc4 19. dxc4 Ne3 20. Bxe3 Qxe3 21. Rbe1 Qb6 22. a3 Ba6 23. Nc5 Bf8 24. Ne4 c5 25. b5 Bb7 26. Nf6+ Kg7 27. Nxh5+ Kh8 28. Ng5 Kg8 29. Nf6+ Kg7 30. f5 exf5 31. Rxf5 Qa5 32. Ne8+ Kg8 33. Ref1 Rd2 34. Rxf7 Bxg2+ 35. Kg1 Rb6 1-0